000 00689cam a22002053a 4500
001 43416
003 PGUSA
005 20140828084004.0
008 130807s2013||||xxu|||||s|||||000 | eng d
040 _aPGUSA
_beng
042 _adc
100 1 _aForbes, S. Russell
245 1 0 _aRambles in Rome :
_bAn Archaeological and Historical Guide to the Museums, Galleries, Villas, Churches, and Antiquities of Rome and the Campagna
_h[electronic resource] /
_cS. Russell Forbes
260 _bProject Gutenberg,
_c2013
506 _aPublic domain in the USA.
516 _aElectronic text
830 0 _aProject Gutenberg
_v43416
856 4 0 _uhttp://www.gutenberg.org/ebooks/43416
942 _cEB
999 _c272667
_d272667